An introduction to public international law (Record no. 1434137)

MARC details
000 -LEADER
fixed length control field 00466nam a2200181Ia 4500
005 - DATE AND TIME OF LATEST TRANSACTION
control field 20260311152252.0
008 - FIXED-LENGTH DATA ELEMENTS--GENERAL INFORMATION
fixed length control field 008 250715s9999 xx 000 0 eng d
020 ## - INTERNATIONAL STANDARD BOOK NUMBER
International Standard Book Number 978-1-108-43262-7 (pbk)
040 ## - CATALOGING SOURCE
Transcribing agency FLL
041 ## - LANGUAGE CODE
Language code of text/sound track or separate title eng
Source of code eng
084 ## - COLON CLASSIFICATION NUMBER
Classification number Z1, R2
100 ## - MAIN ENTRY--PERSONAL NAME
Personal name ROSE Cecily
245 #3 - TITLE STATEMENT
Title An introduction to public international law
250 ## - EDITION STATEMENT
Edition statement 1st
260 ## - PUBLICATION, DISTRIBUTION, ETC.
Name of publisher, distributor, etc. U.K. Combridge University U.K.
Date of publication, distribution, etc. 2022
300 ## - PHYSICAL DESCRIPTION
Extent xx,376 ill.
942 ## - ADDED ENTRY ELEMENTS (KOHA)
Koha item type Textbook
Source of classification or shelving scheme Colon Classification (CC)
999 ## -
-- 1434137
-- 1434137
Holdings
Withdrawn status Lost status Damaged status Not for loan Home library Current library Date acquired Source of acquisition Total checkouts Full call number Barcode Date due Date last seen Date last checked out Price effective from Koha item type
        Faculty of Law Library Faculty of Law Library 2025-07-18 Aditya Books 4 Z1, R2 LL1943003 2026-04-30 2026-04-20 2026-04-20 2025-07-18 Textual
Copyright @ Delhi University Library System